O desenvolvimento embrionário (Record no. 45419)

MARC details
000 -Etiqueta do registo
Valores 00518cam a22001931 4500
100 ## - Dados gerais de processamento
Dados gerais 19940112d1947 km y0pory5003 ba
101 0# - Língua de publicação
Língua por
102 ## - País de publicação
País PT
200 1# - Titulo e menção de responsabilidade
Título próprio O desenvolvimento embrionário
Primeira menção de responsabilidade Ramiro da Fonseca
210 #9 - Publicação
Local de publicação Lisboa
Nome do editor Ediçõs Cosmos,
Data de publicação 1947
215 ## - Descrição física 
Paginação / Volumes 236 p.
Dimensões 20 cm
225 2# - Colecção 
Título próprio da colecção Biblioteca cosmos
Indicação de volume 121, 122
Número de parte ou secção 1
Indicação de volume 56, 57.
Nome de parte ou secção Ciências e técnicas
675 ## - CDU
Notação 57
675 ## - CDU
Notação 576
700 #1 - Autor principal
Apelido Fonseca,
Nome Ramiro da,
Datas 1911-1991
801 #0 - Fonte de origem
País PT
Agência BN
Regras de catalogação RPC
990 ## - Elementos KOHA
Tipo de documento Livro
Holdings
Aquisição Empréstimo Código de barras Cota Permissão de empréstimo Tipo de documento Nota relativa ao exemplar
Biblioteca Municipal de Redondo Biblioteca Municipal de Redondo 056148 576 FON Consulta presencial Livro oferta de Vergílio Ambrósio

Powered by Koha